00426nam a2200145Ia 4500100002600000942000700026654001500033245003800048260003400086082001000120300000800130546001200138999001700150952011300167 aHogg/R. V ;Craig/A.T  cBK aStatistics aIntrd. To Mathematical Statistics bAmerind Publ. CoaDelhic1972 a519.5 a415 aENGLISH c34444d34444 001040708AFTaCRCEbCRCEd2023-03-17g16.50iT-424l0o519.5 pAFT1379r2023-03-17v16.50w2023-03-17yBK